Tu Mejor Amigo (Registro nro. 15922)

000 -CABECERA
campo de control de longitud fija 01705nam a22002537a 4500
003 - IDENTIFICADOR DEL NÚMERO DE CONTROL
campo de control OSt
005 - FECHA Y HORA DE LA ÚLTIMA TRANSACCIÓN
campo de control 20250505195800.0
008 - DATOS DE LONGITUD FIJA--INFORMACIÓN GENERAL
campo de control de longitud fija 250505b ||||| |||| 00| 0 spa d
020 ## - NÚMERO INTERNACIONAL ESTÁNDAR DEL LIBRO
Número Internacional Estándar del Libro 9789585214736
040 ## - FUENTE DE LA CATALOGACIÓN
Centro/agencia transcriptor CO-Mq BPB
041 ## - CÓDIGO DE LENGUA
Código de lengua del texto/banda sonora o título independiente spa
082 ## - NÚMERO DE LA CLASIFICACIÓN DECIMAL DEWEY
Número de clasificación JN
Número de documento/Ítem CAMm
100 ## - ENTRADA PRINCIPAL--NOMBRE DE PERSONA
Nombre de persona Cameron, W. Bruce
Fechas asociadas al nombre 1960
Término indicativo de función/relación autor
245 ## - MENCIÓN DE TÍTULO
Título Tu Mejor Amigo
264 ## - PRODUCCIÓN, PUBLICACIÓN, DISTRIBUCIÓN, FABRICACIÓN Y COPYRIGHT
Producción, publicación, distribución, fabricación y copyright Penguin Random House;
Nombre del de productor, editor, distribuidor, fabricante Bogotá;
Fecha de producción, publicación, distribución, fabricación o copyright 2022
300 ## - DESCRIPCIÓN FÍSICA
Extensión 318 páginas;
Otras características físicas Tapa rustica
Dimensiones 19 cm
490 ## - MENCIÓN DE SERIE
Mención de serie la película basada en la novela, la razón de estar contigo
521 ## - NOTA DE PÚBLICO DESTINATARIO
Nota de público destinatario Una conmovedora historia que abrirá los corazones de todas aquellas personas que la lean. No se puede parar de leer esta novela. Un relato que te hace reír, llorar, pensar. No es tan solo una historia con un perro como protagonista, es una lección de amistad y de amor incondicional. Aquí se aprende que todos, cada criatura de la creación, ha nacido con algún propósito. Recomendado del librero. La razón de estar contigo Por W Bruce Cameron ,Reconfortante, profunda y repleta de momentos de felicidad y risas, La razón de estar contigo no es tan solo la historia emotiva de las múltiples vidas de un perro, es también la narración de las relaciones de los humanos vistas desde los ojos de un perro y de los inquebrantables nexos que existen entre el hombre y su mejor amigo. Esta conmovedora historia nos enseñará que el amor nunca muere, que nuestros verdaderos amigos estarán siempre a nuestro lado y que cada criatura en la Tierra ha nacido con algún propósito.
650 ## - PUNTO DE ACCESO ADICIONAL DE MATERIA--TÉRMINO DE MATERIA
Término de materia o nombre geográfico como elemento de entrada Amistad y de amor incondicional
650 ## - PUNTO DE ACCESO ADICIONAL DE MATERIA--TÉRMINO DE MATERIA
Término de materia o nombre geográfico como elemento de entrada historia emotiva
650 ## - PUNTO DE ACCESO ADICIONAL DE MATERIA--TÉRMINO DE MATERIA
Término de materia o nombre geográfico como elemento de entrada Relación humanos- perros
700 ## - PUNTO DE ACCESO ADICIONAL--NOMBRE DE PERSONA
Nombre de persona Isern, Carol
Término indicativo de función/relación traductora
942 ## - ELEMENTOS DE PUNTO DE ACCESO ADICIONAL (KOHA)
Fuente del sistema de clasificación o colocación
Tipo de ítem Koha Libro Literatura
Existencias
Estado de retiro Estado de pérdida Fuente del sistema de clasificación o colocación Estado dañado No para préstamo Código de colección Localización permanente Ubicación/localización actual Ubicación en estantería Fecha de adquisición Fuente de adquisición Número de inventario Total de préstamos Signatura topográfica completa Código de barras En préstamo Fecha visto por última vez Fecha del último préstamo Número de copia Precio válido a partir de Tipo de ítem Koha Nota pública
          Literatura Juvenil Biblioteca Pública San Juan Bosco Biblioteca Pública San Juan Bosco Literatura 05/05/2025 Compra 2024 NT 1 JN CAMm MOS504371 22/11/2025 05/11/2025 05/11/2025 Ej.1 05/05/2025 Libro Literatura Quince dias

© Todos los derechos reservados para la Biblioteca Pública Municipal San Juan Bosco, 2020
Secretaria de Cultura de Mosquera
Carrera 3 N° 10 Esquina Centro Cultural Barrio El Carmén Teléfono: 8270830 Ext: 34
Funcionando con KOHA
Contacto: Biblioteca Pública Municipal San Juan Bosco/ bibliotecasanjuanbosco@mosquera-cundinamarca.gov.co
Mosquera, Cundinamarca